00493nam a22002057a 4500003000500000005001700005008004100022010001000063011001000073020001500083035001000098040000900108082001400117100002200131245004200153260004300195300001100238650002100249650001700270CHAP20220329142337.0000824d1998 us r 00110 eng d a82086 a83058 a0306458497 a93566 cCHAP04a579.3bM600aMontie, Thomas C.10aPseudomonasc/ed. by Thomas C. Montie aNew York, N.Y. :bPlenum Press,c1998. a335 p.14aMicrobiología.14aPseudomonas.